000 00296nam a22001337a 4500
020 _a8125903100
082 _a297.4 SHU Vol -1
100 _aShuja-Alhaq
245 _aA Forgotten Vision
260 _aNew delhi
_bVikas Publication House
_c1997
300 _a389
650 _aIslam
942 _cBK
999 _c20120
_d20120